000 01493nam0a2200289 i 4500
001 RU\NLR\BIBL_A\011306611
005 20240921201258.0
010 _a9785833306208
_980
021 _aRU
_b2016-94915
_96289
035 _a(NLR Aleph) 011306611
090 _a10999689
_c10999689
100 _a20170111d2016 u y0rusy50 ca
101 0 _arus
102 _aRU
105 _aa j 000zy
200 1 _aМоделирование транспортных процессов
_eучебное пособие
_fА.А. Изюмский, И.С. Сенин
_gМ-во образования и науки Рос. Федерации, Федер. гос. бюджет. образоват. учреждение высш. образования "Кубан. гос. технол. ун-т"
210 _aКраснодар
_cКубанский государственный технологический университет
_d2016
215 _a203 с.
_cил.
_d20
320 _aБиблиогр.: с. 200-203
606 1 _aТранспортные процессы
_jУчебные издания для высших учебных заведений
_xМатематическое моделирование
_92267578
_3RU\NLR\AUTH\661359250
686 1 _aО1-01с116я73-1
700 1 _aИзюмский
_bА. А
_gАлександр Александрович
701 1 _aСенин
_bИ. С.
_gИван Сергеевич
942 _cBOOK
980 _aNBR